Arte popular de corazón de Oaxaca = Popular art at the heart of Oaxaca (Record no. 9263)

MARC details
000 -CABECERA
campo de control de longitud fija 00919nam a2200265 a 4500
001 - NÚMERO DE CONTROL
campo de control BRL_451
005 - FECHA Y HORA DE LA ÚLTIMA TRANSACCIÓN
campo de control 20190320210740.0
008 - DATOS DE LONGITUD FIJA--INFORMACIÓN GENERAL
campo de control de longitud fija 140813s1996----mx-a#####c---#000-0#spa-#
041 ## - CÓDIGO DE LENGUA
Código de lengua del texto/banda sonora o título independiente spaeng
044 ## - CÓDIGO DEL PAÍS DE LA ENTIDAD EDITORA/PRODUCTORA
Código MARC del país mx
050 #4 - SIGNATURA TOPOGRÁFICA DE LA BIBLIOTECA DEL CONGRESO
Número de clasificación NK845.O39
Número de documento/Ítem .A78 1996
245 10 - MENCIÓN DE TÍTULO
Título Arte popular de corazón de Oaxaca = Popular art at the heart of Oaxaca
Mención de responsabilidad, etc. texto Julio Ramírez ; Traducción Robert Valerio.
260 ## - PUBLICACIÓN, DISTRIBUCIÓN, ETC.
Lugar de publicación, distribución, etc. Oaxaca, Oax.
Nombre del editor, distribuidor, etc. Artesanías e Industrias Populares del Estado de Oaxaca
Fecha de publicación, distribución, etc. 1996
300 ## - DESCRIPCIÓN FÍSICA
Extensión 59 p.
Otras características físicas il. (algunas a color)
Dimensiones 21 cm.
500 ## - NOTA GENERAL
Nota general Au495
500 ## - NOTA GENERAL
Nota general Texto en: español e inglés.
650 14 - PUNTO DE ACCESO ADICIONAL DE MATERIA--TÉRMINO DE MATERIA
Término de materia o nombre geográfico como elemento de entrada Arte popular
Subdivisión geográfica Oaxaca, México
9 (RLIN) 23951
651 #4 - PUNTO DE ACCESO ADICIONAL DE MATERIA--NOMBRE GEOGRÁFICO
Nombre geográfico Artesanías
Subdivisión geográfica Oaxaca, México
9 (RLIN) 23952
651 #4 - PUNTO DE ACCESO ADICIONAL DE MATERIA--NOMBRE GEOGRÁFICO
Nombre geográfico Artesanos
Subdivisión geográfica Oaxaca, México
9 (RLIN) 23953
700 1# - PUNTO DE ACCESO ADICIONAL--NOMBRE DE PERSONA
Nombre de persona Ramírez, Julio
9 (RLIN) 23954
700 1# - PUNTO DE ACCESO ADICIONAL--NOMBRE DE PERSONA
Nombre de persona Valerio, Robert
Término indicativo de función/relación tr.
9 (RLIN) 23955
740 0# - PUNTO DE ACCESO ADICIONAL--TÍTULO RELACIONADO O ANALÍTICO NO CONTROLADO
Título relacionado o analítico no controlado Popular art at the heart of Oaxaca
902 ## - CATALOGADOR
Iniciales GRL
942 ## - ELEMENTOS DE PUNTO DE ACCESO ADICIONAL (KOHA)
Fuente del sistema de clasificación o colocación Library of Congress Classification
Tipo de ítem Koha Libros
Holdings
Estado de retiro Estado de pérdida Estado dañado No para préstamo Localización permanente Ubicación/localización actual Fecha de adquisición Número de inventario Total de préstamos Signatura topográfica completa Código de barras Fecha visto por última vez Precio válido a partir de Tipo de ítem Koha
El ejemplar forma parte de la colección y puede ser consultado según las políticas vigentes.       Biblioteca Centro de Estudios Ruth D. Lechuga Biblioteca Centro de Estudios Ruth D. Lechuga 14/08/2013 Au495   NK845.O39 .A78 1996 (Au495) GRL00486 22/03/2019 22/03/2019 Libros